Statistiques concernant Pays ou il y a le plus de Tunisiens

Cliquez ici pour prendre le quiz!

Statistiques générales

  • Ce quiz a été pris 867 fois
  • Le résultat moyen est 7 sur 12

Statistiques - réponses

NombrePays% Correct
668 668France
99%
189 092Italie
90%
18 796Algérie
86%
11 304 482Tunisie
84%
86 601Allemagne
73%
68 952Libye
55%
24 810Belgique
54%
16 667Suisse
48%
20 300Canada
45%
16 774Arabie Saoudite
25%
19 361Émirats arabes unis
19%
120 700Israël
10%

Distribution des résultats

Percentile par nombre de réponses

% des personnes avec chaque résultat

Votre développement - résultats

Vous n’avez pas pris ce quiz